Report of the Task Force on Implementation of the Fiscal Responsibility and Budget Management Act, 2003 (Record no. 492891)

000 -LEADER
fixed length control field 00641cam a22001577a 4500
008 - FIXED-LENGTH DATA ELEMENTS--GENERAL INFORMATION
fixed length control field 180718b2004 xxu||||| |||| 00| 0 eng d
082 ## - DEWEY DECIMAL CLASSIFICATION NUMBER
Classification number L1x54 R299
100 ## - MAIN ENTRY--PERSONAL NAME
Personal name India. Task Force on Implementation of the Fiscal Responsibility and Budget Management Act
245 ## - TITLE STATEMENT
Title Report of the Task Force on Implementation of the Fiscal Responsibility and Budget Management Act, 2003
Statement of responsibility, etc. by Ministry of Finance
260 ## - PUBLICATION, DISTRIBUTION, ETC.
Place of publication, distribution, etc. New Delhi
Name of publisher, distributor, etc. Ministry of Finance
Date of publication, distribution, etc. 2004
300 ## - PHYSICAL DESCRIPTION
Extent 202p.
500 ## - GENERAL NOTE
General note Chairman: Vijay Kelkar
650 ## - SUBJECT ADDED ENTRY--TOPICAL TERM
Topical term or geographic name entry element India - Appropriations and expenditures
700 ## - ADDED ENTRY--PERSONAL NAME
Personal name India. Ministry of Finance
700 ## - ADDED ENTRY--PERSONAL NAME
Personal name Kelkar, Vijay (Chairman)
Holdings
Withdrawn status Lost status Damaged status Not for loan Permanent Location Current Location Date acquired Full call number Barcode Date last seen Price effective from Koha item type
        Indian Institute of Public Administration Indian Institute of Public Administration 2018-08-04 L1x54 R299 GG27008 2018-08-04 2018-08-04 GG
        Indian Institute of Public Administration Indian Institute of Public Administration 2018-08-04 L1x54 R299 GG27007 2018-08-04 2018-08-04 GG

Powered by Koha